| 000 | 01236nam a22002297a 4500 | ||
|---|---|---|---|
| 003 | OSt | ||
| 005 | 20161031180947.0 | ||
| 008 | 150408b xxu||||| |||| 00| 0 eng d | ||
| 040 | _cBMC | ||
| 082 | _a658 | ||
| 100 | 1 |
_940299 _aFlores Jaco, Oscar José |
|
| 245 | 1 | 0 |
_aCreación de un plan promocional para fortalecer el posicionamiento de la imagen corporativa de concentrados Agroamigo, en el departamento de Santa Ana. (Caso práctico: línea de alimentos balanceados para animales) _b: Informe final de proyecto _cOscar José Flores Jaco, Luis Eduardo Paul Acevedo, alejandro Enrique Rodríguez Cienfuegos |
| 260 |
_aSanta Ana (El Salvador) _bUniversidad Católica de El Salvador _c2016 |
||
| 300 |
_a70 h. _bil. col _c28 cm _e+ 1 disco compacto |
||
| 500 | _aPrecede al tít.: Universidad Católica de El Salvador, Facultad de Ciencias Empresariales | ||
| 502 | _aTrabajo de graduación para optar al grado académico de Licenciatura en Mercadeo y Negocios Internacionales | ||
| 650 | 2 | 4 |
_93991 _aMarketing |
| 700 | 1 |
_940300 _aPaul Acevedo, Luis Eduardo |
|
| 700 | 1 |
_940301 _aRodríguez Cienfuegos, Alejandro Enrique |
|
| 710 | 2 |
_91067 _aUniversidad Católica de El Salvador _bFacultad de Ciencias Empresariales |
|
| 942 |
_2ddc _cTG |
||
| 999 |
_c26397 _d26397 |
||